| 000 | 00937nam0a2200313 4500 | ||
|---|---|---|---|
| 001 | RU\NLR\bibl\482001 | ||
| 005 | 20250623192959.0 | ||
| 010 |
_a5-17-020107-9 _95000 |
||
| 021 |
_aRU _b2003-66368 _93273 |
||
| 035 | _a(NLR Aleph) 000474795 | ||
| 090 |
_a1016342 _c1016342 |
||
| 100 | _a20040121d2003 |||y0rusy50 ca | ||
| 101 | 0 | _arus | |
| 102 | _aRU | ||
| 105 | _ay ||||||||| | ||
| 200 | 1 |
_aОткуда в небе лошади? _e[Фантаст. повесть] _fАртур Ярин |
|
| 210 |
_aМ. _cАСТ _d2003 |
||
| 215 |
_a382, [1] с. _d17 |
||
| 225 | 1 |
_aЗвездный лабиринт _eЗЛ |
|
| 225 | 1 | _aБиблиотека фантастики "Сталкера" | |
| 686 | _aШ6(2=Р)75-445 | ||
| 700 | 1 |
_aЯрин _bА. _gАртур _4070 |
|
| 801 | 0 |
_aRU _bNLR _c20040121 _gPSBO |
|
| 801 | 1 |
_aRU _bNLR _c20040121 |
|
| 942 | _cBOOK | ||
| 980 | _aNB | ||